The Philosophy of Gabriel Marcel / (Record no. 121182)
[ view plain ]
| 000 -LEADER | |
|---|---|
| fixed length control field | 01303cam a2200349 a 4500 |
| 001 - CONTROL NUMBER | |
| control field | 4463616 |
| 003 - CONTROL NUMBER IDENTIFIER | |
| control field | ARRUPE |
| 005 - DATE AND TIME OF LATEST TRANSACTION | |
| control field | 20150813020030.0 |
| 008 - FIXED-LENGTH DATA ELEMENTS--GENERAL INFORMATION | |
| fixed length control field | 880217s1984 ilu b 001 0 eng |
| 010 ## - LIBRARY OF CONGRESS CONTROL NUMBER | |
| LC control number | 83004063 //r85 |
| 020 ## - INTERNATIONAL STANDARD BOOK NUMBER | |
| International Standard Book Number | 0875483690 : |
| 035 ## - SYSTEM CONTROL NUMBER | |
| System control number | (OCoLC)9325132 |
| 035 ## - SYSTEM CONTROL NUMBER | |
| System control number | (OCoLC)ocm09325132 |
| 035 ## - SYSTEM CONTROL NUMBER | |
| System control number | (NNC)4463616 |
| 040 ## - CATALOGING SOURCE | |
| Modifying agency | CStRLIN |
| Transcribing agency | dfd |
| 050 0# - LIBRARY OF CONGRESS CALL NUMBER | |
| Classification number | B2430.M254 |
| Item number | P47 1984 |
| 090 ## - LOCALLY ASSIGNED LC-TYPE CALL NUMBER (OCLC); LOCAL CALL NUMBER (OCLC) | |
| Classification number (OCLC) (R) ; Classification number, CALL (RLIN) (NR) | B2430.M254 |
| Local cutter number (OCLC) ; Book number/undivided call number, CALL (RLIN) | P47 1984 |
| 300 ## - PHYSICAL DESCRIPTION | |
| Dimensions | 24 cm. |
| 245 04 - TITLE STATEMENT | |
| Title | The Philosophy of Gabriel Marcel / |
| Statement of responsibility, etc | edited by Paul Arthur Schilpp and Lewis Edwin Hahn. |
| 250 ## - EDITION STATEMENT | |
| Edition statement | 1st ed. |
| 260 ## - PUBLICATION, DISTRIBUTION, ETC. (IMPRINT) | |
| Place of publication, distribution, etc | La Salle, Ill. : |
| Name of publisher, distributor, etc | Open Court Pub. Co., |
| Date of publication, distribution, etc | c1984. |
| 300 ## - PHYSICAL DESCRIPTION | |
| Extent | xviii, 624 p. ; |
| 490 1# - SERIES STATEMENT | |
| Series statement | Library of living philosophers ; |
| Volume number/sequential designation | v. 17 |
| 500 ## - GENERAL NOTE | |
| General note | Includes index. |
| 505 0# - FORMATTED CONTENTS NOTE | |
| Formatted contents note | An autobiographical essay -- Descriptive and critical essays on the philosophy of Gabriel Marcel, with replies -- A bibliography of the writings of Gabriel Marcel / compiled by François H. Lapointe. |
| 600 10 - SUBJECT ADDED ENTRY--PERSONAL NAME | |
| Personal name | Marcel, Gabriel, |
| Dates associated with a name | 1889-1973. |
| 9 (RLIN) | 4472 |
| 700 1# - ADDED ENTRY--PERSONAL NAME | |
| Personal name | Marcel, Gabriel, |
| Dates associated with a name | 1889-1973. |
| 9 (RLIN) | 4472 |
| 700 1# - ADDED ENTRY--PERSONAL NAME | |
| Personal name | Schilpp, Paul Arthur, |
| Dates associated with a name | 1897-1993. |
| 9 (RLIN) | 10285 |
| 700 1# - ADDED ENTRY--PERSONAL NAME | |
| Personal name | Hahn, Lewis Edwin, |
| Dates associated with a name | 1908-2004. |
| 9 (RLIN) | 12420 |
| 830 #0 - SERIES ADDED ENTRY--UNIFORM TITLE | |
| Uniform title | Library of living philosophers ; |
| Volume number/sequential designation | v. 17. |
| 9 (RLIN) | 12421 |
| 942 ## - ADDED ENTRY ELEMENTS (KOHA) | |
| Source of classification or shelving scheme | Library of Congress Classification |
| Koha item type | Monograph ( Printed materials) |
| Koha issues (borrowed), all copies | 1 |
| Withdrawn status | Lost status | Source of classification or shelving scheme | Damaged status | Not for loan | Collection code | Home library | Current library | Shelving location | Date acquired | Total Checkouts | Full call number | Barcode | Date last seen | Date checked out | Price effective from | Koha item type |
|---|---|---|---|---|---|---|---|---|---|---|---|---|---|---|---|---|
| Library of Congress Classification | Main Collection | ARRUPE LIBRARY | ARRUPE LIBRARY | Main Collection | 05/11/2014 | 4 | B2430.M254 P47 1984 | 46500003762 | 18/05/2018 | 22/01/2018 | 05/11/2014 | Monograph ( Printed materials) |